000 00408nam a2200145Ia 4500
008 230917s9999||||xx |||||||||||||| ||und||
040 _e59064
_aMAIN
041 _aEnglish
082 _a297 T748I
100 _aTroll, Christian W, ed
245 0 _aIslam in India: studies and commentaries, vol 2- religion and religious education
260 _aNew Delhi
_bVikas
_c1985
300 _axx, 315 p.
942 _cBK
999 _c43468
_d43468